000
00224nam a2200097Ia 4500
008
230508s1990 xx 000 0 und d
041
_a
eng
100
_a
MICROSOFT.
245
_a
MICROSOFT MACRO ASSEMBLER 5.0
260
_c
1990
999
_c
320159
_d
320159